Statystyki dla Państwa Świata przez pierwsze dwie litery

Kliknij tutaj aby rozwiązać quiz!

Ogólne statystyki

  • Ten quiz został rozwiązany 1 951 razy
  • Średni wynik to 110 z 196

Odpowiedzi na mapie

Odpowiedzi skodowane kolorowo w zielono-czerwonej skali na mapie do tego quizu, zgodnie z poniższymi procentami.
Ładowanie ...
 

Statystyki odpowiedzi

kraj% Poprawnych
Katar
97%
Kambodza
97%
Kamerun
97%
Kanada
97%
Kazachstan
97%
Portugalia
95%
Południowa Afryka
95%
Wielka Brytania
95%
Polska
95%
Chorwacja
94%
Chile
94%
Chiny
94%
Stany Zjednoczone
92%
Côte d'Ivoire
92%
Holandia
91%
Armenia
89%
Argentyna
89%
Kongo
89%
Arabia Saudyjska
89%
Brazylia
88%
Nikaragua
88%
Brunei
88%
Nigeria
88%
Niger
88%
Rosja
88%
Niemcy
88%
Demokratyczna
Republika Konga
87%
Meksyk
86%
Francja
86%
Kostaryka
85%
Komory
85%
Kolumbia
85%
Kosowo
85%
Korea Poludniowa
85%
Korea Pólnocna
85%
Wyspy Marshalla
80%
Austria
80%
Australia
80%
Norwegia
80%
Nowa Zelandia
80%
Irak
79%
Irlandia
79%
Iran
79%
Hiszpania
78%
Szwecja
78%
Szwajcaria
78%
Fidzi
77%
Macedonia Północna
77%
Pakistan
77%
Finlandia
77%
Panama
77%
Madagaskar
77%
Malawi
77%
Malezja
77%
Malediwy
77%
Palau
77%
Mali
77%
Malta
77%
Maroko
77%
Mauretania
77%
Mauritius
77%
Papua-Nowa Gwinea
77%
Paragwaj
77%
Filipiny
77%
Liban
76%
Libia
76%
Liberia
76%
Liechtenstein
76%
Litwa
76%
Moldawia
72%
Mozambik
72%
Mongolia
72%
Monako
72%
Dania
71%
Indie
69%
Indonezja
69%
Tunezja
65%
Boliwia
65%
Turcja
65%
Turkmenistan
65%
Tuvalu
65%
Botswana
65%
Albania
65%
Bosnia i Hercegowina
65%
Algieria
65%
Mjanma
63%
Wegry
63%
Wenezuela
63%
Jamajka
62%
Japonia
62%
Peru
62%
Czad
61%
Czechy
61%
Czarnogóra
61%
Bialorus
59%
Benin
58%
Belize
58%
Belgia
58%
Islandia
58%
Sudan Poludniowy
57%
Sudan
57%
Surinam
57%
Wlochy
57%
Egipt
55%
Wyspy Salomona
51%
Andora
50%
Angola
50%
Antigua i Barbuda
50%
Łotwa
49%
Urugwaj
49%
Estonia
48%
Wietnam
48%
Eswatini
48%
Kuba
47%
Kuwejt
47%
Tadzykistan
46%
Tanzania
46%
Tajwan
46%
Tajlandia
46%
Honduras
45%
Cabo Verde
45%
Gruzja
43%
Grenada
43%
Grecja
43%
San Marino
42%
Salwador
42%
Samoa
42%
Saint Vincent i
Grenadyny
42%
Saint Lucia
42%
Republika
Srodkowoafrykanska
42%
Saint Kitts i Nevis
42%
Ukraina
42%
Rumunia
41%
Ekwador
41%
Barbados
40%
Bangladesz
40%
Bahrajn
40%
Bahamy
40%
Oman
40%
Burkina Faso
38%
Gwinea Równikowa
38%
Gwatemala
38%
Gwinea Bissau
38%
Burundi
38%
Bulgaria
38%
Gwinea
38%
Senegal
37%
Serbia
37%
Seszele
37%
Slowenia
36%
Slowacja
36%
Gujana
36%
Jemen
35%
Wyspy Swietego
Tomasza i Ksiazeca
34%
Dominikana
34%
Dominika
34%
Afganistan
32%
Etiopia
32%
Kiribati
32%
Kirgistan
32%
Somalia
31%
Nauru
30%
Namibia
30%
Haiti
29%
Kenia
28%
Laos
24%
Uzbekistan
23%
Nepal
23%
Watykan
22%
Zambia
22%
Luksemburg
20%
Lesotho
19%
Azerbejdzan
19%
Mikronezja
19%
Erytrea
18%
Izrael
18%
Zjednoczone Emiraty
Arabskie
17%
Syria
17%
Bhutan
16%
Zimbabwe
16%
Tonga
16%
Gabon
16%
Gambia
16%
Togo
16%
Jordania
15%
Sri Lanka
15%
Ghana
14%
Sierra Leone
12%
Singapur
12%
Uganda
11%
Cypr
11%
Trynidad i Tobago
10%
Dzibuti
10%
Rwanda
10%
Vanuatu
7%
Timor-Leste
6%

Rozkład punktacji

Percentyl według liczby udzielonych odpowiedzi

Procent ludzi z każdym wynikiem

Twoja historia wyników

Nie rozwiązałeś tego quizu